Národní účetnictví od výroby k bohatství

Salvato in:
Dettagli Bibliografici
Autore principale: Hronová, Stanislava
Altri autori: Sixta, Jaroslav, Fischer, Jakub, Hindls, Richard
Natura: Libro
Lingua:ceco
Pubblicazione: Praha Nakladatelství C. H. Beck 2019
Edizione:1. vydání
Serie:Beckova edice ekonomie
Soggetti:
Tags: Aggiungi Tag
Nessun Tag, puoi essere il primo ad aggiungerne!!

MARC

LEADER 00000nam a2200000 4500
001 0279753
005 20240416113823.3
020 |a 978-80-7400-738-5 
041 0 |a cze 
044 |a CZ 
245 1 0 |a Národní účetnictví  |b od výroby k bohatství  |c Stanislava Hronová ... [et al.] 
250 |a 1. vydání 
264 1 |a Praha  |b Nakladatelství C. H. Beck  |c 2019 
300 |a 401 s. 
490 1 |a Beckova edice ekonomie 
830 0 |a Beckova edice ekonomie 
610 2 0 |a účtovníctvo národné 
610 2 0 |a štandardy účtovné medzinárodné 
610 2 0 |a účty národné 
610 2 0 |a účty 
610 2 0 |a systémy účtovné 
610 2 0 |a hospodárstvo národné 
610 2 0 |a makroekonomika 
610 2 0 |a input-output 
610 2 0 |a produkt domáci hrubý 
610 2 0 |a výroba 
610 2 0 |a bohatstvo 
610 2 0 |a Česko 
100 1 |a Hronová, Stanislava 
700 1 |a Sixta, Jaroslav 
700 1 |a Fischer, Jakub 
700 1 |a Hindls, Richard